000 00682nam a2200217 a 4500
001 BRCA_6878
005 20190320205627.0
008 111111s1917----u--a######---#000-0#eng-#
041 _aeng
044 _au
050 4 _aD515
_b.G47 1917
245 1 0 _aMy four years in Germany
_cby James W. Gerard, late ambassador to the German Imperial Court.
260 _aNueva York
_bGrosset & Dunlap
_cc1917
300 _axvi, 328 p.
_bil.
_c20 cm.
500 _aO71
650 1 4 _aGuerra Europea
_y1914-1918
_914945
651 4 _aEstados Unidos
_xRelaciones exteriores
_zAlemania
_917134
651 4 _aAlemania
_xRelaciones exteriores
_zEstados Unidos
_917135
902 _aGFM
942 _2lcc
_cB
999 _c6560
_d6560